000 00693nam a2200241Ia 4500
003 OSt
005 20220925195300.0
006 a|||||r|||| 00| 0
007 ta
008 220923b |||||||| |||| 00| 0 eng d
020 _a9781847208927
037 _cGeneral Book
040 _aRTL
_cRTL
_beng
041 _2eng
_aeng
082 _aX:8:(Y:44), P9
100 _aBURKE Ronald J
_9253722
245 0 _aResearch companion to corruption in organizations
260 _aCheltenham
_bEdward Elgar
_c2009
300 _aix,310p
_ccm.
700 _a COOPER Cary L
_915741
942 _hX:8:(Y:44), P9
_cGB
_2CC
999 _c532456
_d532456